000 00578nam a22001817a 4500
999 _c191145
_d191145
005 20220822104853.0
010 _aENG-134519
020 _a9788192557366
_c850.00
035 _aEN-118051
037 _bDBAD/PUB
082 _a294.513
100 _aNaravane, V.S.
245 _aSages, Nymphs and Deities:
_bExcursions in Indian Mythology/
_cV.S. Naravane
260 _aNew Delhi
_bPawan Publications
_c2015
270 _aH-1/48, Bengali Colony, Mahaveer Enclave
_bNew Delhi
_e110045
300 _aix, 304p.
_bIndex
_c22cm(hb)
942 _2ddc
_cEN
_h294.513
_mNAR